<?xml version="1.0" encoding="UTF-8"?>
<record
    xmlns:xsi="http://www.w3.org/2001/XMLSchema-instance"
    xsi:schemaLocation="http://www.loc.gov/MARC21/slim http://www.loc.gov/standards/marcxml/schema/MARC21slim.xsd"
    xmlns="http://www.loc.gov/MARC21/slim">

  <leader>00352nam a2200133Ia 4500</leader>
  <controlfield tag="008">150201s2009    xx            000 0 und d</controlfield>
  <datafield tag="082" ind1=" " ind2=" ">
    <subfield code="a">614.1</subfield>
    <subfield code="b">S09A</subfield>
  </datafield>
  <datafield tag="100" ind1=" " ind2=" ">
    <subfield code="a">AGGARWAL,GAURAVG</subfield>
  </datafield>
  <datafield tag="245" ind1=" " ind2=" ">
    <subfield code="a">SMART STUDY SERIES FORENSIC MEDICINE &amp; TOXICOLOGY</subfield>
  </datafield>
  <datafield tag="250" ind1=" " ind2=" ">
    <subfield code="a">1ST</subfield>
  </datafield>
  <datafield tag="260" ind1=" " ind2=" ">
    <subfield code="b">ELSEVIER</subfield>
    <subfield code="a">DELHI</subfield>
    <subfield code="c">2009</subfield>
  </datafield>
  <datafield tag="650" ind1=" " ind2=" ">
    <subfield code="a">FORENSIC MEDICINE</subfield>
  </datafield>
  <datafield tag="942" ind1=" " ind2=" ">
    <subfield code="2">ddc</subfield>
    <subfield code="c">BK</subfield>
    <subfield code="0">7</subfield>
  </datafield>
  <datafield tag="952" ind1=" " ind2=" ">
    <subfield code="0">0</subfield>
    <subfield code="1">0</subfield>
    <subfield code="2">ddc</subfield>
    <subfield code="4">0</subfield>
    <subfield code="7">0</subfield>
    <subfield code="8">MEDICAL</subfield>
    <subfield code="a">FM</subfield>
    <subfield code="b">FM</subfield>
    <subfield code="c">TXT</subfield>
    <subfield code="d">2010-12-30</subfield>
    <subfield code="e">U.B.S. DELHI</subfield>
    <subfield code="g">225.00</subfield>
    <subfield code="i">SGTU</subfield>
    <subfield code="l">0</subfield>
    <subfield code="o">614.1 S09A</subfield>
    <subfield code="p">FM4652</subfield>
    <subfield code="r">2015-02-09 00:00:00</subfield>
    <subfield code="w">2010-12-30</subfield>
    <subfield code="y">BK</subfield>
    <subfield code="k">762</subfield>
  </datafield>
  <datafield tag="952" ind1=" " ind2=" ">
    <subfield code="0">0</subfield>
    <subfield code="1">0</subfield>
    <subfield code="2">ddc</subfield>
    <subfield code="4">0</subfield>
    <subfield code="7">0</subfield>
    <subfield code="8">MEDICAL</subfield>
    <subfield code="a">FM</subfield>
    <subfield code="b">FM</subfield>
    <subfield code="c">TXT</subfield>
    <subfield code="d">2010-12-30</subfield>
    <subfield code="e">U.B.S. DELHI</subfield>
    <subfield code="g">225.00</subfield>
    <subfield code="i">SGTU</subfield>
    <subfield code="l">6</subfield>
    <subfield code="o">614.1 S09A</subfield>
    <subfield code="p">FM4653</subfield>
    <subfield code="r">2024-12-13 00:00:00</subfield>
    <subfield code="s">2024-12-04</subfield>
    <subfield code="w">2010-12-30</subfield>
    <subfield code="y">BK</subfield>
    <subfield code="k">762</subfield>
  </datafield>
  <datafield tag="952" ind1=" " ind2=" ">
    <subfield code="0">0</subfield>
    <subfield code="1">0</subfield>
    <subfield code="2">ddc</subfield>
    <subfield code="4">0</subfield>
    <subfield code="7">0</subfield>
    <subfield code="8">MEDICAL</subfield>
    <subfield code="a">FM</subfield>
    <subfield code="b">FM</subfield>
    <subfield code="c">TXT</subfield>
    <subfield code="d">2010-12-30</subfield>
    <subfield code="e">U.B.S. DELHI</subfield>
    <subfield code="g">225.00</subfield>
    <subfield code="i">SGTU</subfield>
    <subfield code="l">0</subfield>
    <subfield code="o">614.1 S09A</subfield>
    <subfield code="p">FM4654</subfield>
    <subfield code="r">2015-02-09 00:00:00</subfield>
    <subfield code="w">2010-12-30</subfield>
    <subfield code="y">BK</subfield>
    <subfield code="k">762</subfield>
  </datafield>
  <datafield tag="952" ind1=" " ind2=" ">
    <subfield code="0">0</subfield>
    <subfield code="1">0</subfield>
    <subfield code="2">ddc</subfield>
    <subfield code="4">0</subfield>
    <subfield code="7">0</subfield>
    <subfield code="8">MEDICAL</subfield>
    <subfield code="a">FM</subfield>
    <subfield code="b">FM</subfield>
    <subfield code="c">TXT</subfield>
    <subfield code="d">2010-12-30</subfield>
    <subfield code="e">U.B.S. DELHI</subfield>
    <subfield code="g">225.00</subfield>
    <subfield code="i">SGTU</subfield>
    <subfield code="l">2</subfield>
    <subfield code="o">614.1 S09A</subfield>
    <subfield code="p">FM4655</subfield>
    <subfield code="r">2025-09-22 00:00:00</subfield>
    <subfield code="s">2024-11-30</subfield>
    <subfield code="w">2010-12-30</subfield>
    <subfield code="y">BK</subfield>
    <subfield code="k">762</subfield>
  </datafield>
  <datafield tag="952" ind1=" " ind2=" ">
    <subfield code="0">0</subfield>
    <subfield code="1">0</subfield>
    <subfield code="2">ddc</subfield>
    <subfield code="4">0</subfield>
    <subfield code="7">0</subfield>
    <subfield code="8">MEDICAL</subfield>
    <subfield code="a">FM</subfield>
    <subfield code="b">FM</subfield>
    <subfield code="c">TXT</subfield>
    <subfield code="d">2010-12-30</subfield>
    <subfield code="e">U.B.S. DELHI</subfield>
    <subfield code="g">225.00</subfield>
    <subfield code="i">SGTU</subfield>
    <subfield code="l">3</subfield>
    <subfield code="o">614.1 S09A</subfield>
    <subfield code="p">FM4656</subfield>
    <subfield code="q">2026-06-05</subfield>
    <subfield code="r">2026-05-22 10:57:28</subfield>
    <subfield code="s">2026-05-22</subfield>
    <subfield code="w">2010-12-30</subfield>
    <subfield code="y">BK</subfield>
    <subfield code="k">762</subfield>
  </datafield>
  <datafield tag="999" ind1=" " ind2=" ">
    <subfield code="c">1226</subfield>
    <subfield code="d">1226</subfield>
  </datafield>
</record>
